| 000 | 00366cam a2200145ua 4500 | ||
|---|---|---|---|
| 003 | OSt | ||
| 008 | 230225b |||||||| |||| 00| 0 eng d | ||
| 041 | _aeng | ||
| 082 |
_a502.85 _bRUD/MA |
||
| 100 |
_aRudra, Pratap . _95398 |
||
| 245 | _aGetting started with MATLAB 7 / | ||
| 260 |
_aCalcutta : _bOxford University Press , _c2006. |
||
| 300 | _a ; . | ||
| 942 | _cBK | ||
| 999 |
_c12941 _d12941 |
||